|
|
|
|
| LEADER |
00933nam a22002532a 4500 |
| 001 |
000747715 |
| 003 |
CZ BrMZK |
| 005 |
20041104114728.0 |
| 007 |
ta |
| 008 |
041104s1926 xr er|||||||||||cze d |
| 015 |
|
|
|a cnb000585296
|
| 035 |
|
|
|a (OCoLC)85389206
|
| 040 |
|
|
|a ABA001
|b cze
|c ABA001
|d ABA001
|d BOA001
|
| 100 |
1 |
|
|a Veselý, Josef,
|d 1875-1934
|7 jk01142180
|4 aut
|
| 245 |
1 |
0 |
|a Prahou tisíciletou :
|b z dávna i dneška : drobnomalby, obrazy a pohledy ze života staré i nové Prahy.
|n Díl II,
|p Za svobod /
|c Josef Veselý
|
| 246 |
3 |
0 |
|a Za svobod
|
| 260 |
|
|
|a Praha :
|b Rudolf Hudec,
|c 1926
|f (Alois Koníček)
|
| 300 |
|
|
|a 320 s. :
|b obr. ;
|c 8°
|
| 490 |
1 |
|
|a Knihovna obrození ;
|v XXXVIII
|
| 830 |
|
0 |
|a Knihovna obrození
|
| 910 |
|
|
|a BOA001
|b PK-0015.973,2
|
| 964 |
|
|
|a Praha - památky stavitelské - dějiny
|
| 990 |
|
|
|a BK
|
| 996 |
7 |
|
|b 3119647666
|c PK-0015.973,2
|l MZK
|r Sklad / do 1 hodiny
|n 3
|w 000747715
|u 000010
|a 1
|e BOA001
|j MZK50
|s A
|